MARC details
| 000 -LEADER |
| fixed length control field |
02973nim a2200577 a 4500 |
| 001 - CONTROL NUMBER |
| control field |
ruc90000114 |
| 003 - CONTROL NUMBER IDENTIFIER |
| control field |
CtWfDGI |
| 005 - DATE AND TIME OF LATEST TRANSACTION |
| control field |
20200320191033.0 |
| 007 - PHYSICAL DESCRIPTION FIXED FIELD--GENERAL INFORMATION |
| fixed length control field |
sd fungnnmmned |
| 008 - FIXED-LENGTH DATA ELEMENTS--GENERAL INFORMATION |
| fixed length control field |
130320r20132013mdunnnn lz n eng d |
| 020 ## - INTERNATIONAL STANDARD BOOK NUMBER |
| International Standard Book Number |
9781470337766 |
| 028 01 - PUBLISHER NUMBER |
| Publisher number |
UC0114 |
| Source |
Recorded Books |
| 040 ## - CATALOGING SOURCE |
| Original cataloging agency |
CtWfDGI |
| Language of cataloging |
eng |
| Transcribing agency |
CtWfDGI |
| 050 14 - LIBRARY OF CONGRESS CALL NUMBER |
| Classification number |
PN3365 |
| Item number |
.E45 2013 |
| 082 04 - DEWEY DECIMAL CLASSIFICATION NUMBER |
| Classification number |
808.3 |
| Edition number |
23 |
| 098 14 - OTHER CLASSIFICATION SCHEMES (OCLC) |
| Call number based on other classification scheme |
V |
| -- |
ELKI |
| -- |
MN |
| -- |
E 14 |
| 100 1# - MAIN ENTRY--PERSONAL NAME |
| Personal name |
Elkins, Katherine L. |
| 9 (RLIN) |
5850224 |
| 245 14 - TITLE STATEMENT |
| Title |
The modern novel |
| Medium |
[sound recording] / |
| Statement of responsibility, etc |
Katherine L. Elkins. |
| 260 ## - PUBLICATION, DISTRIBUTION, ETC. (IMPRINT) |
| Place of publication, distribution, etc |
Prince Frederick, MD : |
| Name of publisher, distributor, etc |
Recorded Books, |
| Date of publication, distribution, etc |
[2013], p2013. |
| 300 ## - PHYSICAL DESCRIPTION |
| Extent |
4 sound discs (ca. 4 hr., 30 min.) : |
| Other physical details |
digital ; |
| Dimensions |
4 3/4 in. |
| 490 1# - SERIES STATEMENT |
| Series statement |
The modern scholar |
| 500 ## - GENERAL NOTE |
| General note |
Compact disc. |
| 500 ## - GENERAL NOTE |
| General note |
Title from container. |
| 500 ## - GENERAL NOTE |
| General note |
Release date supplied by publisher. |
| 500 ## - GENERAL NOTE |
| General note |
Recording originally produced by Crescite Group, LLC, p2013. |
| 500 ## - GENERAL NOTE |
| General note |
In container (17 cm.). |
| 500 ## - GENERAL NOTE |
| General note |
"8 lectures"--Container. |
| 505 0# - FORMATTED CONTENTS NOTE |
| Formatted contents note |
James Joyce's A portrait of the artist as a young man -- James Joyce and escaping the nets -- Franz Kafka's The trial -- Franz Kafka and getting beyond the gate -- Marcel Proust's In search of lost time -- Marcel Proust and seeing through another's eyes -- Virginia Woolf's To the lighthouse -- Virginia Woolf and art as a beacon. |
| 511 0# - PARTICIPANT OR PERFORMER NOTE |
| Participant or performer note |
Lecture given by Katherine L. Elkins. |
| 520 ## - SUMMARY, ETC. |
| Summary, etc |
Kenyon College professor Katherine Elkins examines the development of the modern novel by investigating four great modernist authors: James Joyce, Franz Kafka, Marcel Proust, and Virginia Woolf. The lectures explore the authors' most respected works and illustrate how each author's unique style and vision made a major contribution to the look and shape of the novel today. |
| 600 10 - SUBJECT ADDED ENTRY--PERSONAL NAME |
| Personal name |
Joyce, James, |
| Dates associated with a name |
1882-1941. |
| 9 (RLIN) |
7867 |
| 600 10 - SUBJECT ADDED ENTRY--PERSONAL NAME |
| Personal name |
Joyce, James, |
| Dates associated with a name |
1882-1941 |
| General subdivision |
Criticism and interpretation. |
| 9 (RLIN) |
5878739 |
| 600 10 - SUBJECT ADDED ENTRY--PERSONAL NAME |
| Personal name |
Kafka, Franz, |
| Dates associated with a name |
1883-1924. |
| 9 (RLIN) |
14858 |
| 600 10 - SUBJECT ADDED ENTRY--PERSONAL NAME |
| Personal name |
Kafka, Franz, |
| Dates associated with a name |
1883-1924 |
| General subdivision |
Criticism and interpretation. |
| 9 (RLIN) |
5878740 |
| 600 10 - SUBJECT ADDED ENTRY--PERSONAL NAME |
| Personal name |
Proust, Marcel, |
| Dates associated with a name |
1871-1922. |
| 9 (RLIN) |
5878741 |
| 600 10 - SUBJECT ADDED ENTRY--PERSONAL NAME |
| Personal name |
Proust, Marcel, |
| Dates associated with a name |
1871-1922 |
| General subdivision |
Criticism and interpretation. |
| 9 (RLIN) |
5878742 |
| 600 10 - SUBJECT ADDED ENTRY--PERSONAL NAME |
| Personal name |
Woolf, Virginia, |
| Dates associated with a name |
1882-1941. |
| 9 (RLIN) |
5878743 |
| 600 10 - SUBJECT ADDED ENTRY--PERSONAL NAME |
| Personal name |
Woolf, Virginia, |
| Dates associated with a name |
1882-1941 |
| General subdivision |
Criticism and interpretation. |
| 9 (RLIN) |
5878744 |
| 650 #0 - SUBJECT ADDED ENTRY--TOPICAL TERM |
| Topical term or geographic name as entry element |
Fiction |
| Chronological subdivision |
19th century |
| General subdivision |
History and criticism. |
| 9 (RLIN) |
5878745 |
| 650 #0 - SUBJECT ADDED ENTRY--TOPICAL TERM |
| Topical term or geographic name as entry element |
Fiction |
| Chronological subdivision |
20th century |
| General subdivision |
History and criticism. |
| 9 (RLIN) |
83907 |
| 650 #0 - SUBJECT ADDED ENTRY--TOPICAL TERM |
| Topical term or geographic name as entry element |
Fiction |
| General subdivision |
Authorship. |
| 9 (RLIN) |
83908 |
| 650 #0 - SUBJECT ADDED ENTRY--TOPICAL TERM |
| Topical term or geographic name as entry element |
Fiction |
| General subdivision |
Technique. |
| 9 (RLIN) |
83910 |
| 655 #7 - INDEX TERM--GENRE/FORM |
| Genre/form data or focus term |
Audiobooks. |
| Source of term |
lcgft |
| 9 (RLIN) |
5878746 |
| 710 2# - ADDED ENTRY--CORPORATE NAME |
| Corporate name or jurisdiction name as entry element |
Recorded Books, LLC. |
| 9 (RLIN) |
5674251 |
| 710 2# - ADDED ENTRY--CORPORATE NAME |
| Corporate name or jurisdiction name as entry element |
Crescite Group, LLC. |
| 9 (RLIN) |
5878747 |
| 830 #0 - SERIES ADDED ENTRY--UNIFORM TITLE |
| Uniform title |
Modern scholar. |
| 9 (RLIN) |
53355 |
| 942 ## - ADDED ENTRY ELEMENTS (KOHA) |
| Koha item type |
CD |
| 945 ## - LOCAL PROCESSING INFORMATION (OCLC) |
| c |
(OCoLC)0833416763 |
| 948 ## - LOCAL PROCESSING INFORMATION (OCLC); SERIES PART DESIGNATOR (RLIN) |
| Series part designator, SPT (RLIN) |
04/12/2013 |
| z (OCLC) |
Sirsi |
| 996 ## - |
| -- |
96854 |
| -- |
34301001148263 |
| -- |
CD |
| -- |
CD |
| -- |
wcl |
| -- |
i |
| -- |
2 |
| -- |
98.75 |
| -- |
.CIRCNOTE. 4 discs |
| -- |
.PUBLIC. 4 discs |
| -- |
recordedbooks |
| -- |
808.3 Elk |
| -- |
04/15/2013 |
| -- |
02/09/2016 |
| -- |
02/05/2016 |